000 00622nam a22001337a 4500
040 _cRUA
082 _aAGR OUC 2012 B052 Or.1
100 _aOUCH SREYNECH
245 _aVarietal reaction of chili varieties in rainfed lowland condition,(ប្រតិកម្មនៃពូជម្ទេសផ្សេងៗគ្នា នៅក្នុងលក្ខខណ្ឌស្រែទំនាបពឹងរបបទឹកភ្លៀង)
260 _aphnom penh
_bRUA
_c2012
300 _axii, 52p.
_cill.
856 _uhttps://drive.google.com/file/d/1vmkSrBCBEvrc2dJXIBq9w4zZ01d6G3Pz/view?usp=sharing
942 _cAGR
999 _c1213
_d1213